A Review of sulfur crosslinking fundamentals for accelerated and unaccelerated vulcanization (1993 reviews) (Record no. 53568)

MARC details
000 -LEADER
fixed length control field 00442nam a2200145Ia 4500
100 ## - MAIN ENTRY--AUTHOR NAME
Personal name Kresja M R
245 #2 - TITLE STATEMENT
Title A Review of sulfur crosslinking fundamentals for accelerated and unaccelerated vulcanization (1993 reviews)
260 ## - PUBLICATION, DISTRIBUTION, ETC. (IMPRINT)
Name of publisher Rubber Chemistry and Technology
Year of publication 1993
300 ## - PHYSICAL DESCRIPTION
Number of Pages 376-410
650 ## - SUBJECT ADDED ENTRY--TOPICAL TERM
Topical Term 1993 reviews
650 ## - SUBJECT ADDED ENTRY--TOPICAL TERM
Topical Term Vulcanization
700 ## - ADDED ENTRY--PERSONAL NAME
Personal name Koenig J L
942 ## - ADDED ENTRY ELEMENTS (KOHA)
Koha item type Journals
Holdings
Withdrawn status Lost status Damaged status Not for loan Home library Current library Shelving location Date acquired Serial Enumeration / chronology Koha item type
      Journals RRII Library RRII Library Rubber chemistry 17/12/2021 Volume 66, Issue 3 Journals